000 00209 a2200097 4500
001 30947
100 _aAl Has
245 _aTazkirah Sahabiyat
260 _aLahore
_bIdara-ul-Hasnat
_c
090 _c20838
_d20838
942 _aNUST-CAE
_cM
_c12045
999 _c266020
_d266020